000 00513nam a2200145Ia 4500
008 100204s9999 xx 000 0 und d
082 _b956
100 _aलागू चिंतामणी
245 _aस्वप्नी जे देखिले
260 _b"दिपज्योती प्रकाशन , पुणे"
_c1979
300 _a179
630 _aस्वप्नी जे देखिले
730 _aस्वप्नी जे देखिले
942 _cBOOK
999 _c446148
_d446145